Ռեցեպցիայի ենթարկված իրավունքի աղբյուրները միջնադարյան Հայաստանում: / (Record no. 51632)
[ view plain ]
| 000 -LEADER | |
|---|---|
| fixed length control field | 00906nam a22002297a 4500 |
| 003 - CONTROL NUMBER IDENTIFIER | |
| control field | SEM |
| 005 - DATE AND TIME OF LATEST TRANSACTION | |
| control field | 20220608072024.0 |
| 008 - FIXED-LENGTH DATA ELEMENTS--GENERAL INFORMATION | |
| fixed length control field | 191015b ||||| |||| 00| 0 arm d |
| 020 ## - INTERNATIONAL STANDARD BOOK NUMBER | |
| International Standard Book Number | 9789939640211 |
| 040 ## - CATALOGING SOURCE | |
| Original cataloging agency | SEM |
| Transcribing agency | SEM |
| 041 ## - LANGUAGE CODE | |
| Language code of text/sound track or separate title | arm. |
| 080 ## - UNIVERSAL DECIMAL CLASSIFICATION NUMBER | |
| Universal Decimal Classification number | 34(47.925)/Փ-69 |
| 100 ## - MAIN ENTRY--PERSONAL NAME | |
| Personal name | Փխրիկյան Ալինա |
| 245 ## - TITLE STATEMENT | |
| Title | Ռեցեպցիայի ենթարկված իրավունքի աղբյուրները միջնադարյան Հայաստանում: / |
| Statement of responsibility, etc. | Ա. Փխրիկյան; Պատ. խմբ.՝ Գ. Սաֆարյան; Խմբ.՝ Ա. Կարապետյան |
| 260 ## - PUBLICATION, DISTRIBUTION, ETC. | |
| Place of publication, distribution, etc. | Երևան: |
| Name of publisher, distributor, etc. | Լիմուշ, |
| Date of publication, distribution, etc. | 2010. |
| 300 ## - PHYSICAL DESCRIPTION | |
| Extent | 176 էջ; |
| Dimensions | 20 սմ |
| 504 ## - BIBLIOGRAPHY, ETC. NOTE | |
| Bibliography, etc. note | Օգտ. գրակ. ցանկ՝ էջ 166-175 |
| 650 ## - SUBJECT ADDED ENTRY--TOPICAL TERM | |
| Topical term or geographic name entry element | Իրավաբանություն |
| Geographic subdivision | Հայաստան |
| 700 ## - ADDED ENTRY--PERSONAL NAME | |
| Personal name | Սաֆարյան Գ. |
| Relator term | պատ. խմբ. |
| Relationship | res. edt. |
| 700 ## - ADDED ENTRY--PERSONAL NAME | |
| Personal name | Կարապետյան Ա. |
| Relator term | խմբ. |
| Relationship | edt. |
| 942 ## - ADDED ENTRY ELEMENTS (KOHA) | |
| Source of classification or shelving scheme | Universal Decimal Classification |
| Koha item type | Գրքեր/Books |
| Withdrawn status | Lost status | Source of classification or shelving scheme | Damaged status | Not for loan | Collection code | Home library | Current library | Date acquired | Cost, normal purchase price | Inventory number | Total Checkouts | Full call number | Barcode | Date last seen | Price effective from | Koha item type | Public note |
|---|---|---|---|---|---|---|---|---|---|---|---|---|---|---|---|---|---|
| Universal Decimal Classification | Գրապահոց | Մայր Աթոռ Սուրբ Էջմիածին «Վաչե և Թամար Մանուկյան» Մատենադարան | Մայր Աթոռ Սուրբ Էջմիածին «Վաչե և Թամար Մանուկյան» Մատենադարան | 15/10/2019 | 1800.00 | 21991 | 34(47.925)/Փ-69 | 21991 | 16/11/2014 | 16/11/2014 | Գրքեր/Books | Սպասարկվում է ընթերցասրահ |